000
00309nam a22001217a 4500
008
190315b xxu||||| |||| 00| 0 eng d
041
_a
eng
080
_a
043.3
100
_a
0
101
_a
MBE-BA
245
_a
Manuali i Procedurave Financiare ne Organizata Jo-Qeveritare-OJQ
_c
Margilaj, A
942
_2
udc
_c
BK
999
_c
54839
_d
54839